Music Quiz

Random Music Quiz

One Direction - No Control Lyrics Quiz Stats

 Plays Quiz not verified by Sporcle

Challenge
Share
Tweet
Embed
Score 0/234 Timer 07:00
1 Play Today
Answer % Correct
a
97.7%
a
97.7%
a
97.7%
a
97.7%
a
97.7%
I
97.5%
I
97.5%
I
97.5%
I
97.5%
I
97.5%
I
97.5%
I
97.5%
I
97.5%
I
97.5%
I
97.5%
I
97.5%
I
97.5%
I
97.5%
I
97.5%
I
97.5%
I
97.5%
I
97.5%
no
97.3%
no
97.3%
no
97.3%
no
97.3%
no
97.3%
no
97.3%
no
97.3%
no
97.3%
no
97.3%
No
97.3%
no
97.3%
no
97.3%
you
96.5%
you
96.5%
you,
96.5%
you
96.5%
you
96.5%
you,
96.5%
you
96.5%
you,
96.5%
you,
96.5%
just
96.3%
just
96.3%
just
96.3%
just
96.3%
just
96.3%
control,
95%
control.
95%
control.
95%
control,
95%
control.
95%
control.
95%
control,
95%
control.
95%
control.
95%
control,
95%
control.
95%
control.
95%
of
94.6%
of
94.6%
of
94.6%
of
94.6%
of
94.6%
of
94.6%
enough.
94.2%
I'm
94.2%
I'm
94.2%
enough
94.2%
I'm
94.2%
I'm
94.2%
enough
94.2%
I'm
94.2%
I'm
94.2%
I'm
94.2%
enough
94.2%
enough
94.2%
Answer % Correct
can't
94%
all
94%
can't
94%
all
94%
can't
94%
all
94%
can't
94%
can't
94%
all
94%
can't
94%
can't
94%
up
93.3%
gun,
93.3%
up
93.3%
gun,
93.3%
up
93.3%
gun,
93.3%
the
93.1%
the
93.1%
the
93.1%
the
93.1%
the
93.1%
the
93.1%
the
93.1%
the
93.1%
coffee
92.7%
got
92.7%
got
92.7%
got
92.7%
it
92.5%
Waking
92.3%
beside
92.3%
yours
92.3%
Waking
92.3%
beside
92.3%
yours
92.3%
Waking
92.3%
beside
92.3%
yours
92.3%
cup,
92.1%
loaded
91.9%
loaded
91.9%
loaded
91.9%
this
91.1%
anymore,
91.1%
and
91.1%
and
91.1%
this
91.1%
anymore,
91.1%
and
91.1%
and
91.1%
this
91.1%
anymore,
91.1%
and
91.1%
and
91.1%
lay,
90.9%
lay,
90.9%
my
90.6%
my
90.6%
my
90.6%
my
90.6%
my
90.6%
my
90.6%
not
90.2%
where
90.2%
where
90.2%
don't
90%
don't
90%
don't
90%
don't
90%
don't
90%
on
89.6%
it's
89.6%
on
89.6%
it's
89.6%
it's
89.6%
it's
89.6%
contain
89.2%
Answer % Correct
get
89.2%
contain
89.2%
get
89.2%
contain
89.2%
get
89.2%
get
89.2%
care,
88.8%
In
88.8%
in
88.8%
care
88.8%
care
88.8%
care
88.8%
Powerless
87.7%
eyes
87.7%
Powerless
87.7%
eyes
87.7%
Powerless
87.7%
eyes
87.7%
Powerless
87.7%
eyes
87.7%
are
87.3%
are
87.3%
are
87.3%
are
87.3%
closed,
86.9%
closed,
86.9%
closed,
86.9%
closed,
86.9%
obvious,
86.7%
obvious,
86.7%
obvious,
86.7%
obvious,
86.7%
Stained
86.3%
lipstick's
85.7%
fingerprint
85%
her
84.8%
Sweet
84.6%
Sweet
84.6%
down,
83.6%
down,
83.6%
down,
83.6%
down,
83.6%
here
83%
here
83%
Taste
81.7%
stay
81.5%
pillowcase.
81.3%
could
80.9%
right
80.2%
burn
80%
day.
79.8%
heat
79.4%
night
79%
before.
78.6%
tongue,
78.4%
wash
78.4%
wanna
78.2%
trace
78%
away
77.8%
innocence
76.9%
pedal's
73.8%
pedal's
73.8%
pedal's
73.8%
pedal's
73.8%
still
73.2%
sour,
71.9%
count
69.6%
hours.
69.2%
lying
66.9%
senses,
66.3%
me
66.1%
Lost
64.4%
holding
61.7%
perfume's
60.5%
defenseless,
58.4%
ransom.
55.1%
heart
53.8%
devoured,
46.6%

You're not logged in!

Compare scores with friends on all Sporcle quizzes.
Join for Free
OR
Log In

You Might Also Like...

Show Comments

Extras

Created Jun 21, 2016ReportNominate
Tags:control, direction, One Direction

Top Quizzes Today


Score Distribution

Your Account Isn't Verified!

In order to create a playlist on Sporcle, you need to verify the email address you used during registration. Go to your Sporcle Settings to finish the process.

Report this User

Report this user for behavior that violates our Community Guidelines.

Details: